Chile en el mar: EXCOT 92
Saved in:
| Corporate Author: | |
|---|---|
| Format: | Book |
| Language: | Spanish |
| Published: |
Santiago
Colegio de Ingenieros de Chile A.G
1993
|
| Subjects: | |
| Tags: |
Add Tag
No Tags, Be the first to tag this record!
|
MARC
| LEADER | 00000nam a2200000 a 4500 | ||
|---|---|---|---|
| 001 | UCX9671 | ||
| 003 | CL-VaPUC | ||
| 008 | 940621e19930000CL |||||||||||||||||spa|d | ||
| 082 | 0 | 4 | |a 623.87 |b COL |2 21 |
| 110 | 2 | |a Colegio de Ingenieros de Chile A.G |e author |9 327137 | |
| 245 | 1 | 0 | |a Chile en el mar: EXCOT 92 |
| 300 | |a 198 p | ||
| 942 | |c BK | ||
| 945 | |d 19940621 00:00:00 |a mfernand | ||
| 260 | |a Santiago |b Colegio de Ingenieros de Chile A.G |c 1993 | ||
| 650 | 7 | |a INGENIERIA NAVAL |2 CL-VaPUC |9 262110 | |
| 650 | 0 | |a Puertos |9 260105 | |
| 650 | 0 | |a Telecomunicaciones |9 257195 | |
| 650 | 0 | |a Aguas jurisdiccionales |9 295070 | |
| 651 | 7 | |a CHILE |2 CL-VaPUC |9 327139 | |
| 583 | |a last modification |c 19940621 00:00:00 |k Rodrigo Vera | ||
| 999 | |c 228847 |d 228845 | ||
| 952 | |0 0 |1 0 |2 ddc |4 0 |6 623_870000000000000_COL_1993 |7 0 |8 CCM |9 229320 |a BIBCUR |b BIBCUR |c PAC |d 2019-11-15 |i 2987732 |o 623.87 COL 1993 |p 2987732 |r 2025-04-22 |w 2019-11-15 |y BK |k CIM | ||